The light of the modern world : (Record no. 164918)

MARC details
000 -LEADER
fixed length control field 00713nam a22001937a 4500
005 - DATE AND TIME OF LATEST TRANSACTION
control field 20190530112606.0
010 ## - LCCN (DPL NO)
LC control number ENG-125400
020 ## - INTERNATIONAL STANDARD BOOK NUMBER
International Standard Book Number 9788175053694
Terms of availability 100.00
035 ## - SYSTEM CONTROL NUMBER
System control number EN-108932
037 ## - SOURCE OF ACQUISITION
Source of stock number/acquisition DBAD/PUB
082 ## - DEWEY DECIMAL CLASSIFICATION NUMBER
Classification number 230.35
100 ## - MAIN ENTRY--PERSONAL NAME
Personal name Bhajanananda
245 ## - TITLE STATEMENT
Title The light of the modern world :
Statement of responsibility, etc by Vilas Adhav
Remainder of title the universal significance of Sri Ramakrishna's avatarahood and message /
260 ## - PUBLICATION, DISTRIBUTION, ETC. (IMPRINT)
Place of publication, distribution, etc Uttarakhand
Name of publisher, distributor, etc Swani Bodhasarananda
Date of publication, distribution, etc 2010
270 ## - ADDRESS
Address Adhyaksha , Advaita Ashrama, Mayavati
City Champaran, Uttarakhand
Postal code 262524
Electronic mail address mail@advaitaashrama.org
300 ## - PHYSICAL DESCRIPTION
Extent 268p.
Dimensions 22cm(Hb)
500 ## - GENERAL NOTE
General note Includes bibliographical references and index
942 ## - ADDED ENTRY ELEMENTS (KOHA)
Source of classification or shelving scheme Dewey Decimal Classification
Item type English Books
Classification part 230.35
Call number suffix BHA
Holdings
Withdrawn status Lost status Not for loan Collection code Home library Current library Date acquired Source of acquisition Cost, normal purchase price Full call number Barcode Copy number Cost, replacement price Koha item type
    Not For Loan Non-fiction D.B.Act.Division Central Library 30/05/2019 DBAD/PUB 100.00 230.35 BHA EN-108932 1 100.00 English Books

© Delhi Public Library
Hit Counter
free hit counter